Регионална библиотека "Любен Каравелов" - Русе

[Четиридесет] 40 гатанки (Запис номер 139504)

MARC детайли
000 -Лидер
Контролно поле с фиксирана дължина 01246nam a2200325 c 4500
003 - Код на организацията, давaща контролен номер
Контролно поле BLK
005 - Дата и час на последна редакция
Контролно поле 20230510131848.0
008 - Елементи от данни с фиксирана дължина
fixed length control field 180409b bul|||||r ||||||| ||bul||
010 ## - Наследен системен номер
LC control number KNG00145551000
040 ## - Източник на каталожния запис
Идентификатор на билиотеката - собственик на записа BLK
041 ## - Код за език
Код за езика на текст/звукозапис или на отделно заглавие Български
Код за езика КДБФ Български
080 ## - УДК
Текстов определител УДК Българска литература
УДК код - определител по УДК 821.163.2
УДК определител -93-193.1
УДК - код + определител 821.163.2-93-193.1
100 1# - Редна дума - Автор
Автор Душков, Атанас Гаврилов
Авторска отговорност първи автор
R(LIN) 365078
139 ## - Редно поле
Редна дума Душков, Атанас Гаврилов
Авторски знак Душ - Д 94
245 10 - Сведения за заглавието
Заглавие [Четиридесет] 40 гатанки
Редно поле (дума) Атанас Гаврилов Душков; ил. Борис Илиев Димовски.
257 ## - Страна на издаване
Страна на създаване/издаване България
260 ## - Област на издателските данни
-- София
Име на издателя, разпространителя и проч. Бълг. художник
Година на издаване 1971
300 ## - Физическа характеристика
Страници 48 с.
Илюстрации и др. с ил.
Размери/Мащаб 16Х24 см
380 ## - Жанр
Жанр Детска худож. лит.
500 ## - Общи забележки
Забележка 60 113 тир.
653 ## - Ключова дума – ненормативна
Ключова дума детска литература
653 ## - Ключова дума – ненормативна
Ключова дума литература за деца
653 ## - Ключова дума – ненормативна
Ключова дума гатанки
700 1# - Други автори (авторска отговорност)
Лично име Димовски, Борис Илиев
Автороска отговорност (Описва отношението между автора и произведението) ил.
9 (RLIN) 363792
852 ## - Местоположение
Форматна сигнатура Цб І 34716
856 4# - Електронен адрес и достъп
Електронен формат pdf - файл
Път до файла /url/
856 4# - Електронен адрес и достъп
Електронен формат pdf - файл
Път до файла /url/
942 ## - АРТИКУЛИ
Вид на библиотечния материал Книги
Скрит в OPAC Не
Koha issues (borrowed), all copies 1
944 ## - СЪЗДАВАНЕ И РЕДАКЦИЯ на ЗАПИСА
Създаване/Редакция Създаване
Дата на регистрацията/редакция 11.07.2013
Статус, дата на статуса 11.07.2013 - от С1,Р / 11.07.2013
Служител, извършил регистрацията/редакцията Радинела_Гицова
944 ## - СЪЗДАВАНЕ И РЕДАКЦИЯ на ЗАПИСА
Създаване/Редакция Редакция
Дата на регистрацията/редакция 11.07.2013
Статус, дата на статуса 11.07.2013 - от С1,Р / 11.07.2013
Служител, извършил регистрацията/редакцията
999 ## - СИСТЕМНИ КОНТРОЛНИ НОМЕРА
Koha biblionumber 139504
Koha biblioitemnumber 139504
Наличности
Код за отписване Код за изгубен артикул Източник на класификационната схема Код за повреда Коз за рестрикции Код за отдаване Артикулен № Име на библиотеката - собственик Име на библиотеката, в която се намира в момента Статус (Текущо местоположение) Дата на вписване в системата Местоположение - отдел Цена в лева Инвентарен номер Систематично азбучна сигнатура Баркод Номер на екземпляра Цена в евро Служебна бележка Служебен тип на артикула
  Не е изгубен Universal Decimal Classification Не е повреден без рестрикции ползва се в читалня 228447 Регионална библиотека "Любен Каравелов" Русе Регионална библиотека "Любен Каравелов" Русе Хранилище 1971-01-01 Хранилище 0.38 96615 Цб І 34716 120000096615 1 0.19 N: стар фонд Дата: 01.01.1971 Книги
  Не е изгубен Universal Decimal Classification Не е повреден без рестрикции заемане за дома 228448 Регионална библиотека "Любен Каравелов" Русе Регионална библиотека "Любен Каравелов" Русе Детски отдел 1971-01-01 Детски отдел 0.25 96813 ДХ 886.7/Д 94 120000096813 2 0.13 N: стар фонд Дата: 01.01.1971 Дата инв: 11.08.2015 Бележки инв: Д2015 Книги
Изтеглен Не е изгубен Universal Decimal Classification Не е повреден без рестрикции заемане за дома 228449 Регионална библиотека "Любен Каравелов" Русе Регионална библиотека "Любен Каравелов" Русе Детски отдел 1971-01-01 Детски отдел 0.25 96810 ДХ 886.7/Д 94 96810 3 0.13 N: стар фонд Дата: 01.01.1971 Дата инв: 07.10.2015 Бележки инв: Д2015 Книги
Vip Innovations Ltd, Rousse, Bulgaria 2025